Statistics for Countries That End With The Letter E

Click here to take the quiz!

General Stats

  • This quiz has been taken 66 times
    (28 since last reset)
  • The average score is 10 of 12

Answer Stats

HintAnswer% Correct
South AmericaChile
92%
North AmericaBelize
85%
EuropeFrance
85%
South AmericaSuriname
85%
EuropeGreece
81%
AfricaMozambique
81%
EuropeUkraine
81%
AfricaZimbabwe
81%
AfricaSao Tome and Principe
73%
AfricaSierra Leone
73%
AsiaSingapore
73%
AfricaCape Verde
65%

Score Distribution

Percentile by Number Answered

Percent of People with Each Score

Your Score History

You have not taken this quiz since the last reset